000 02195nam0a2200373 4500
001 RU\NLR\bibl\1853779
005 20260408061636.0
021 _aRU
_b2011-100294
_97176
035 _a(nilc)RSL-KNO-005114026
035 _a(NLR Aleph) 001843718
090 _a2307321
_c2307321
100 _a20111219d2011 |||y0rusy50 ca
101 0 _arus
102 _aRU
105 _ay |||||||||
200 1 _aТехнологии заготовки объемистых кормов в современных условиях, с учетом природно-климатических особенностей Тверской области
_eнаучно-методические и практические рекомендации
_fМ-во сельского хоз-ва Российской Федерации, Федеральное гос. бюджетное образовательное учреждение высш. проф. образования "Тверская гос. с.-х. акад.", Каф. кормления и разведения с.-х. животных
_g[подгот. А. С. Абрамяном, С. А. Фирсовым]
210 _aТверь
_cГСХА
_d2011
215 _a41 с.
_cтабл.
_d21
320 _aБиблиогр. в конце кн.
606 1 _aОбъемистые корма
_xЗаготовки
_xТехнология
_yТверская область
_92110773
_3RU\NLR\auth\661579174
686 _aП545.1я8
_2rubbk
686 _aП9(2Р344-7Тве)5я8
_2rubbk
686 _aП221-48
686 _aП545.14
702 1 _4220
_aАбрамян
_bА. С.
_cд-р с.-х. наук
_f1949-
_gАнтон Сенекеримович
_9174104
_3RU\NLR\AUTH\770174155
712 0 2 _4570
_aТверская государственная сельскохозяйственная академия
_bКафедра кормления и разведения сельскохозяйственных животных
_9299815
_3RU\NLR\AUTH\8810206127
801 0 _aRU
_bRuMoRKP
_c20111219
_grcr
801 1 _aRU
_bРГБ
_c20111219
801 2 _aRU
_bNLR
_c20111228
_grcr
942 _cBOOK
980 _aNB
980 _aNBR